Encyclopedia of plant physiology : (Record no. 15440)

000 -LEADER
fixed length control field 01034cam a2200277 i 4500
020 ## - INTERNATIONAL STANDARD BOOK NUMBER
ISBN 0387101616 (v. 9 : U.S.)
020 ## - INTERNATIONAL STANDARD BOOK NUMBER
ISBN 0387101969 (v. 10 : U.S.)
020 ## - INTERNATIONAL STANDARD BOOK NUMBER
ISBN 0387101977 (v. 11)
020 ## - INTERNATIONAL STANDARD BOOK NUMBER
ISBN 3540121439 (v. 16AB : SpringerVerlag, Berlin)
020 ## - INTERNATIONAL STANDARD BOOK NUMBER
ISBN 0387121439 (v. 16AB : SpringerVerlag, New York)
020 ## - INTERNATIONAL STANDARD BOOK NUMBER
ISBN 354012103X (v. 15AB : SpringerVerlag, Berlin)
020 ## - INTERNATIONAL STANDARD BOOK NUMBER
ISBN 038712103X (v. 15AB : SpringerVerlag, New York)
020 ## - INTERNATIONAL STANDARD BOOK NUMBER
ISBN 3540127380 (v. 17 : SpringerVerlag, Berlin)
020 ## - INTERNATIONAL STANDARD BOOK NUMBER
ISBN 0387127380 (v. 17 : SpringerVerlag, New York)
040 ## - CATALOGING SOURCE
Transcribing agency DDC
082 ## - DEWEY DECIMAL CLASSIFICATION NUMBER
Classification number 581 SPR 1975 A063 Or.
245 00 - TITLE STATEMENT
Title Encyclopedia of plant physiology :
Remainder of title new series /
260 0# - PUBLICATION, DISTRIBUTION, ETC. (IMPRINT)
Place of publication Berlin ;
-- New York :
Name of publisher Springer-Verlag,
Year of publication 1975-
300 ## - PHYSICAL DESCRIPTION
Number of Pages v. in :
Other physical details ill. ;
Dimensions 25 cm.
500 ## - GENERAL NOTE
General note Earlier ed. issued in 1955-1967 by W. Ruhland under title: Handbuch der Pflanzenphysiologie.
650 #0 - SUBJECT ADDED ENTRY--TOPICAL TERM
Topical Term Plant physiology.
700 1# - ADDED ENTRY--PERSONAL NAME
Personal name Pirson, A.
700 1# - ADDED ENTRY--PERSONAL NAME
Personal name Zimmermann, Martin Huldrych,
700 11 - ADDED ENTRY--PERSONAL NAME
Personal name Ruhland, W.
942 ## - ADDED ENTRY ELEMENTS (KOHA)
Koha item type សៀវភៅភាសាអង់គ្លេស
952 ## - LOCATION AND ITEM INFORMATION (KOHA)
Withdrawn status [LOCAL, KOHA] 0
Holdings
Permanent Location Date acquired Koha item type Lost status Shelving location Barcode Current Location Full call number
Library Block A2017-11-21សៀវភៅភាសាអង់គ្លេស A063A07684Library Block A581 SPR 1975 A063 Or.
មជ្ឈមណ្ឌលឯការនៃសាកលវិទ្យាល័យភូមិន្ទកសិកម្មចំការដូង

Powered by Koha